000 00276 a2200109 4500
000 nam a22 7a 4500
005 20260202115720.0
100 _aHolt, Elizabeth H.
_91113081
245 _aGoodman's Basic Medical Endocrinology
260 _bElsevier
_c2021
942 _cTEXL
999 _c1678460
_d1678460